Руководство по организации медицинского обслуживания лиц, подвергшихся действию ионизирующего излучения

Bibliographic Details
Other Authors: Ильин Л. А. Леонид Андреевич (редактор)
Language:Russian
Published: Москва, Энергоатомиздат, 1985
Subjects:
Format: MixedMaterials Book
KOHA link:https://koha.lib.tpu.ru/cgi-bin/koha/opac-detail.pl?biblionumber=284598

MARC

LEADER 00000nam0a2200000 4500
001 284598
005 20231101235718.0
020 |a RU  |b 85-22158 
035 |a (RuTPU)RU\TPU\book\308777 
090 |a 284598 
100 |a 20150217d1985 k y0rusy5003 ca 
101 0 |a rus 
102 |a RU 
105 |a a z 001zy 
200 1 |a Руководство по организации медицинского обслуживания лиц, подвергшихся действию ионизирующего излучения 
210 |a Москва  |c Энергоатомиздат  |d 1985 
215 |a 191 с.  |c ил. 
320 |a Библиогр.: с. 178-190 
606 |a Медицина ядерная  |2 stltpush  |3 (RuTPU)RU\TPU\subj\41790  |9 61571 
610 1 |a облучение 
610 1 |a биологические эффекты 
610 1 |a изучение 
610 1 |a ионизирующее излучение 
610 1 |a источники 
610 1 |a влияние на человека 
610 1 |a обследование 
610 1 |a диспансерное наблюдение 
610 1 |a организация 
675 |a 613.648  |v 3 
702 1 |a Ильин  |b Л. А.  |g Леонид Андреевич  |4 340 
801 0 |a RU  |b RuMRKP  |c 19950704  |g psbo 
801 1 |a RU  |b 63413507  |c 20150217 
801 2 |a RU  |b 63413507  |c 20171030  |g RCR 
942 |c BK